Das Hirn der Studierenden : Dialogisches Lernen Statt Obrigkeitlicher Lehre.

Bibliographic Details
Main Author: Günther, Klaus.
Format: eBook
Language:German
Published: Leverkusen-Opladen : Verlag Barbara Budrich, 2018.
Edition:1st ed.
Subjects:
Online Access:Click to View
LEADER 01456nam a22003493i 4500
001 EBC6378999
003 MiAaPQ
005 20231204023215.0
006 m o d |
007 cr cnu||||||||
008 231204s2018 xx o ||||0 ger d
020 |a 9783847412328  |q (electronic bk.) 
020 |z 9783847422068 
035 |a (MiAaPQ)EBC6378999 
035 |a (Au-PeEL)EBL6378999 
035 |a (OCoLC)1287288386 
040 |a MiAaPQ  |b eng  |e rda  |e pn  |c MiAaPQ  |d MiAaPQ 
100 1 |a Günther, Klaus. 
245 1 4 |a Das Hirn der Studierenden :  |b Dialogisches Lernen Statt Obrigkeitlicher Lehre. 
250 |a 1st ed. 
264 1 |a Leverkusen-Opladen :  |b Verlag Barbara Budrich,  |c 2018. 
264 4 |c {copy}2019. 
300 |a 1 online resource (156 pages) 
336 |a text  |b txt  |2 rdacontent 
337 |a computer  |b c  |2 rdamedia 
338 |a online resource  |b cr  |2 rdacarrier 
588 |a Description based on publisher supplied metadata and other sources. 
590 |a Electronic reproduction. Ann Arbor, Michigan : ProQuest Ebook Central, 2023. Available via World Wide Web. Access may be limited to ProQuest Ebook Central affiliated libraries.  
655 4 |a Electronic books. 
776 0 8 |i Print version:  |a Günther, Klaus  |t Das Hirn der Studierenden  |d Leverkusen-Opladen : Verlag Barbara Budrich,c2018  |z 9783847422068 
797 2 |a ProQuest (Firm) 
856 4 0 |u https://ebookcentral.proquest.com/lib/matrademy/detail.action?docID=6378999  |z Click to View